Giải pháp công nghệ khai thác than vỉa dốc ở công ty than Vàng Danh /

Đã lưu trong:
Sonraí Bibleagrafaíochta
Príomhúdar: Nguyễn Huấn.
Formáid: Bài viết
Teanga:Vietnamese
Ábhair:
Clibeanna: Cuir Clib Leis
Gan Chlibeanna, Bí ar an gcéad duine leis an taifead seo a chlibeáil!
Thư viện lưu trữ: Thư viện Trường Đại học Đà Lạt
LEADER 00777nam a2200265 4500
001 DLU090103544
005 ##20100827
040 # # |a DLU  |b vie 
041 # # |a vie 
044 # # |a vn 
100 # # |a Nguyễn Huấn. 
245 # # |a Giải pháp công nghệ khai thác than vỉa dốc ở công ty than Vàng Danh /  |c Nguyễn Huấn. 
653 # # |a Công nghiệp mỏ 
653 # # |a Khai thác than 
653 # # |a Nguyên liệu 
773 # # |t Tạp chí Công nghiệp mỏ  |g Số2, 2008, tr. 48 
920 # # |a Phòng Tạp chí -- Trung tâm Thông tin - Thư viện Trường Đại học Đà Lạt 
994 # # |a DLU 
900 # # |a True 
911 # # |a Nguyễn Thị Linh Chi 
925 # # |a G 
926 # # |a A 
927 # # |a BB 
980 # # |a Thư viện Trường Đại học Đà Lạt